Microsoft Visual Basic 6.0 (Record no. 7022)
[ view plain ]
| 000 -LEADER | |
|---|---|
| fixed length control field | 00216nam a22000857a 4500 |
| 008 - FIXED-LENGTH DATA ELEMENTS--GENERAL INFORMATION | |
| fixed length control field | 170622b xxu||||| |||| 00| 0 eng d |
| 100 ## - MAIN ENTRY--PERSONAL NAME | |
| 9 (RLIN) | 3631 |
| Personal name | Halvorson. M |
| 245 ## - TITLE STATEMENT | |
| Title | Microsoft Visual Basic 6.0 |
| 260 ## - PUBLICATION, DISTRIBUTION, ETC. (IMPRINT) | |
| Place of publication, distribution, etc. | New delhi |
| Date of publication, distribution, etc. | 2003 |
| Withdrawn status | Lost status | Source of classification or shelving scheme | Damaged status | Koha normalized classification for sorting | Not for loan | Home library | Current library | Shelving location | Date acquired | Total Checkouts | Full call number | Barcode | Date last seen | Date last checked out | Price effective from | Koha item type |
|---|---|---|---|---|---|---|---|---|---|---|---|---|---|---|---|---|
| Dewey Decimal Classification | HAL_004_000000000000000_A9 | Good Samaritan School Library | Good Samaritan School Library | Computer Science | 06/22/2017 | 1 | HAL004 A-9 | HAL7699 | 11/07/2017 | 10/24/2017 | 06/22/2017 | BOOK |